000 00619nam a2200265Ia 4500
005 20260121172023.0
008 008 260114s9999 xx 000 0 eng d
020 _a9784431549017
037 _aEBOOK
040 _aCRL
040 _beng
040 _cCRL
041 _2eng
041 _aeng
084 _qCRL
100 _aToshiyuki Kaneda
_91083315
245 0 _aDowntown Dynamics
260 _bSpringer
260 _bSpringer
260 _c2020
856 _uhttps://link.springer.com/openurl?genre=book&isbn=978-4-431-54901-7
942 _cEBOOK
999 _c1649049
_d1649049